[Event "DVM U14 2018"]
[Site "Magdeburg GER"]
[Date "2018.12.29"]
[Round "5"]
[White "Schauties, Nico Antonio"]
[Black "Lutz, Adam"]
[Result "0-1"]
[Termination "normal"]
[Board "4.2"]
[WhiteElo "1916"]
[BlackElo "1782"]
[WhiteClock "00:26:22"]
[BlackClock "01:09:41"]
[WhiteTeam "SV Mattnetz Berlin"]
[BlackTeam "USV TU Dresden"]
[PlyCount "112"]
[WhiteFideId "16206371"]
[BlackFideId "16226615"]
[EventCountry "GER"]
[EventRounds "7"]
[EventType "team-swiss"]
[EventDate "2018.12.26"]

1. d4 {[%clk 1:30:57]} d5 {[%clk 1:30:54]} 2. c4 {[%clk 1:31:24]} e6 {[%clk
1:31:19]} 3. Nf3 {[%clk 1:31:49]} Nf6 {[%clk 1:31:29]} 4. a3 {[%clk 1:32:13]}
c6 {[%clk 1:30:06]} 5. e3 {[%clk 1:32:32]} Bd6 {[%clk 1:29:42]} 6. Nc3 {[%clk
1:32:50]} O-O {[%clk 1:29:40]} 7. Be2 {[%clk 1:33:07]} Nbd7 {[%clk 1:28:27]} 8.
O-O {[%clk 1:33:15]} Re8 {[%clk 1:28:37]} 9. c5 {[%clk 1:30:39]} Bc7 {[%clk
1:28:15]} 10. b4 {[%clk 1:30:13]} e5 {[%clk 1:27:47]} 11. b5 {[%clk 1:26:44]}
Ne4 {[%clk 1:25:38]} 12. Bb2 {[%clk 1:19:44]} Nxc3 {[%clk 1:24:06]} 13. Bxc3
{[%clk 1:20:08]} e4 {[%clk 1:24:22]} 14. Nd2 {[%clk 1:19:42]} Re6 {[%clk
1:23:31]} 15. g3 {[%clk 1:09:20]} Qg5 {[%clk 1:21:28]} 16. h4 {[%clk 0:42:52]}
Qh6 {[%clk 1:20:10]} 17. Kg2 {[%clk 0:40:28]} Rg6 {[%clk 1:19:30]} 18. Bh5
{[%clk 0:36:37]} Rf6 {[%clk 1:16:51]} 19. a4 {[%clk 0:34:42]} Rf5 {[%clk
1:10:52]} 20. g4 {[%clk 0:33:36]} Rxh5 {[%clk 1:11:14]} 21. gxh5 {[%clk
0:33:50]} Nf6 {[%clk 1:11:36]} 22. Rh1 {[%clk 0:25:07]} Bg4 {[%clk 1:07:29]}
23. Qb3 {[%clk 0:22:34]} Qxh5 {[%clk 1:06:46]} 24. Kf1 {[%clk 0:17:11]} Bf3
{[%clk 1:06:06]} 25. Nxf3 {[%clk 0:15:46]} Qxf3 {[%clk 1:06:20]} 26. Rg1 {[%clk
0:15:43]} Ng4 {[%clk 1:05:43]} 27. Rxg4 {[%clk 0:13:55]} Qxg4 {[%clk 1:05:59]}
28. bxc6 {[%clk 0:13:05]} bxc6 {[%clk 1:05:12]} 29. Qb7 {[%clk 0:12:36]} Rc8
{[%clk 1:04:20]} 30. Rb1 {[%clk 0:02:24]} h5 {[%clk 1:03:06]} 31. Rb2 {[%clk
0:01:53]} Bd8 {[%clk 1:00:13]} 32. Qxa7 {[%clk 0:01:49]} Bxh4 {[%clk 0:59:26]}
33. a5 {[%clk 0:01:24]} Qd1+ {[%clk 0:57:37]} 34. Be1 {[%clk 0:01:30]} Bf6
{[%clk 0:47:45]} 35. Rb8 {[%clk 0:00:54]} Rxb8 {[%clk 0:47:43]} 36. Qxb8+
{[%clk 0:01:22]} Kh7 {[%clk 0:48:10]} 37. a6 {[%clk 0:01:29]} Qd3+ {[%clk
0:48:33]} 38. Kg1 {[%clk 0:01:45]} Qxa6 {[%clk 0:48:58]} 39. Qf4 {[%clk
0:01:47]} Qe2 {[%clk 0:44:38]} 40. Ba5 {[%clk 0:02:01]} Qg4+ {[%clk 0:44:56]}
41. Qxg4 {[%clk 0:02:29]} hxg4 {[%clk 0:45:13]} 42. Kg2 {[%clk 0:02:34]} Kh6
{[%clk 0:45:07]} 43. Kg3 {[%clk 0:02:10]} Kh5 {[%clk 0:44:16]} 44. Bc7 {[%clk
0:30:30]} Bh4+ {[%clk 1:13:32]} 45. Kg2 {[%clk 0:30:59]} f5 {[%clk 1:12:46]}
46. Bf4 {[%clk 0:29:46]} Bd8 {[%clk 1:11:54]} 47. Kg3 {[%clk 0:29:50]} g5
{[%clk 1:11:44]} 48. Be5 {[%clk 0:30:04]} Kg6 {[%clk 1:10:53]} 49. Bd6 {[%clk
0:29:41]} Kf7 {[%clk 1:11:03]} 50. Bb8 {[%clk 0:28:25]} Ke6 {[%clk 1:10:30]}
51. Kg2 {[%clk 0:28:22]} Kd7 {[%clk 1:10:06]} 52. Be5 {[%clk 0:28:40]} Kc8
{[%clk 1:10:26]} 53. Kf1 {[%clk 0:28:36]} Be7 {[%clk 1:09:05]} 54. Ke2 {[%clk
0:26:29]} Kd7 {[%clk 1:08:56]} 55. Kf1 {[%clk 0:26:11]} Ke6 {[%clk 1:09:20]}
56. Kg2 {[%clk 0:26:22]} Bxc5 {[%clk 1:09:41]} 0-1

[Event "DVM U14 2018"]
[Site "Magdeburg GER"]
[Date "2018.12.29"]
[Round "5"]
[White "Peukert, Marc"]
[Black "Schnabel, Luise"]
[Result "0-1"]
[Termination "normal"]
[Board "4.3"]
[WhiteElo "1510"]
[BlackElo "1837"]
[WhiteClock "00:40:09"]
[BlackClock "00:21:11"]
[WhiteTeam "USV TU Dresden"]
[BlackTeam "SV Mattnetz Berlin"]
[PlyCount "104"]
[WhiteFideId "16259440"]
[BlackFideId "12943347"]
[EventCountry "GER"]
[EventRounds "7"]
[EventType "team-swiss"]
[EventDate "2018.12.26"]

1. Nf3 {[%clk 1:30:47]} Nf6 {[%clk 1:30:50]} 2. c4 {[%clk 1:30:54]} g6 {[%clk
1:30:54]} 3. Nc3 {[%clk 1:30:36]} Bg7 {[%clk 1:31:12]} 4. e3 {[%clk 1:30:48]}
O-O {[%clk 1:31:22]} 5. d4 {[%clk 1:30:42]} d6 {[%clk 1:31:39]} 6. Be2 {[%clk
1:30:37]} Nbd7 {[%clk 1:31:19]} 7. O-O {[%clk 1:29:12]} c6 {[%clk 1:31:01]} 8.
b4 {[%clk 1:28:42]} e5 {[%clk 1:30:02]} 9. Qc2 {[%clk 1:27:22]} Qe7 {[%clk
1:28:28]} 10. Rb1 {[%clk 1:25:55]} Ne8 {[%clk 1:23:57]} 11. c5 {[%clk 1:24:57]}
d5 {[%clk 1:20:57]} 12. b5 {[%clk 1:23:44]} e4 {[%clk 1:16:18]} 13. Nd2 {[%clk
1:22:04]} f5 {[%clk 1:14:39]} 14. bxc6 {[%clk 1:20:21]} bxc6 {[%clk 1:10:15]}
15. Qa4 {[%clk 1:19:30]} Rf6 {[%clk 1:06:54]} 16. Ba6 {[%clk 1:15:58]} Bxa6
{[%clk 1:00:06]} 17. Qxa6 {[%clk 1:15:49]} Nb8 {[%clk 0:57:25]} 18. Qc8 {[%clk
1:11:21]} Qd7 {[%clk 0:56:02]} 19. Qxd7 {[%clk 1:08:45]} Nxd7 {[%clk 0:56:23]}
20. Rb7 {[%clk 1:08:40]} Rf7 {[%clk 0:53:27]} 21. Ba3 {[%clk 1:06:48]} f4
{[%clk 0:49:21]} 22. Ne2 {[%clk 1:01:46]} g5 {[%clk 0:45:45]} 23. Nb3 {[%clk
0:58:37]} a5 {[%clk 0:42:57]} 24. Na1 {[%clk 0:48:14]} h5 {[%clk 0:36:19]} 25.
Nc2 {[%clk 0:42:25]} Bh6 {[%clk 0:28:30]} 26. Nc3 {[%clk 0:36:33]} h4 {[%clk
0:20:37]} 27. Na4 {[%clk 0:34:49]} g4 {[%clk 0:15:22]} 28. Rfb1 {[%clk
0:31:32]} g3 {[%clk 0:13:00]} 29. hxg3 {[%clk 0:31:04]} hxg3 {[%clk 0:13:05]}
30. exf4 {[%clk 0:23:34]} gxf2+ {[%clk 0:09:40]} 31. Kxf2 {[%clk 0:23:32]} Bxf4
{[%clk 0:09:45]} 32. Ke2 {[%clk 0:22:25]} Bg3 {[%clk 0:08:28]} 33. Rf1 {[%clk
0:21:26]} Rxf1 {[%clk 0:04:20]} 34. Kxf1 {[%clk 0:21:48]} Rd8 {[%clk 0:03:53]}
35. Nb6 {[%clk 0:16:21]} Nb8 {[%clk 0:02:44]} 36. Ra7 {[%clk 0:15:51]} Nc7
{[%clk 0:02:22]} 37. Rxa5 {[%clk 0:14:45]} Rf8+ {[%clk 0:02:43]} 38. Ke2 {[%clk
0:12:53]} Rf2+ {[%clk 0:03:04]} 39. Kd1 {[%clk 0:12:26]} Bf4 {[%clk 0:01:43]}
40. Ra8 {[%clk 0:11:39]} Nxa8 {[%clk 0:01:52]} 41. Nxa8 {[%clk 0:11:52]} Rxg2
{[%clk 0:30:11]} 42. Nb6 {[%clk 0:41:03]} Rd2+ {[%clk 0:25:55]} 43. Kc1 {[%clk
0:40:19]} Rxd4+ {[%clk 0:25:32]} 44. Kb2 {[%clk 0:40:24]} Rd2 {[%clk 0:25:13]}
45. Kb3 {[%clk 0:40:08]} Rd3+ {[%clk 0:24:03]} 46. Kb2 {[%clk 0:40:26]} e3
{[%clk 0:23:23]} 47. Bb4 {[%clk 0:40:42]} Na6 {[%clk 0:22:40]} 48. Be1 {[%clk
0:40:37]} Nxc5 {[%clk 0:22:13]} 49. Nb4 {[%clk 0:40:19]} Rd1 50. Bc3 {[%clk
0:40:04]} d4 {[%clk 0:20:51]} 51. Bxd4 {[%clk 0:39:47]} Rxd4 {[%clk 0:21:07]}
52. Nxc6 {[%clk 0:40:09]} Rd2+ {[%clk 0:21:11]} 0-1

[Event "DVM U14 2018"]
[Site "Magdeburg GER"]
[Date "2018.12.29"]
[Round "5"]
[White "Ho, Ngoc Hai-Dang"]
[Black "Günther, Fabian"]
[Result "1/2-1/2"]
[Termination "normal"]
[Board "4.4"]
[WhiteElo "1719"]
[BlackElo "1485"]
[WhiteClock "00:21:49"]
[BlackClock "00:10:49"]
[WhiteTeam "SV Mattnetz Berlin"]
[BlackTeam "USV TU Dresden"]
[PlyCount "81"]
[WhiteFideId "16206509"]
[BlackFideId "16240294"]
[EventCountry "GER"]
[EventRounds "7"]
[EventType "team-swiss"]
[EventDate "2018.12.26"]

1. e4 {[%clk 1:30:57]} c5 {[%clk 1:30:55]} 2. Nf3 {[%clk 1:31:18]} Nc6 {[%clk
1:31:20]} 3. d4 {[%clk 1:31:40]} cxd4 {[%clk 1:31:46]} 4. Nxd4 {[%clk 1:32:02]}
e5 {[%clk 1:32:11]} 5. Nb5 {[%clk 1:32:15]} d6 {[%clk 1:32:33]} 6. N1c3 {[%clk
1:31:55]} a6 {[%clk 1:32:49]} 7. Na3 {[%clk 1:32:15]} b5 {[%clk 1:31:53]} 8.
Nd5 {[%clk 1:32:35]} Nf6 {[%clk 1:32:04]} 9. Bg5 {[%clk 1:32:21]} Be7 {[%clk
1:32:21]} 10. Bxf6 {[%clk 1:32:06]} Bxf6 {[%clk 1:32:40]} 11. c3 {[%clk
1:31:56]} O-O {[%clk 1:29:10]} 12. Be2 {[%clk 1:29:41]} Bg5 {[%clk 1:27:05]}
13. O-O {[%clk 1:24:37]} f5 {[%clk 1:24:34]} 14. f3 {[%clk 1:07:15]} fxe4
{[%clk 1:16:25]} 15. fxe4 {[%clk 1:07:33]} Rxf1+ {[%clk 1:16:05]} 16. Bxf1
{[%clk 0:55:29]} Bb7 {[%clk 1:13:15]} 17. Nc2 {[%clk 0:49:33]} Ne7 {[%clk
1:07:41]} 18. Ncb4 {[%clk 0:47:21]} Nxd5 {[%clk 1:06:22]} 19. Nxd5 {[%clk
0:47:25]} Rc8 {[%clk 1:01:49]} 20. a4 {[%clk 0:43:44]} Qd7 {[%clk 0:55:23]} 21.
axb5 {[%clk 0:42:23]} axb5 {[%clk 0:55:44]} 22. Qb3 {[%clk 0:35:13]} Qf7 {[%clk
0:44:04]} 23. Qxb5 {[%clk 0:31:13]} Rc5 {[%clk 0:43:21]} 24. Qb3 {[%clk
0:28:17]} Bxd5 {[%clk 0:42:23]} 25. exd5 {[%clk 0:28:11]} Rc8 {[%clk 0:34:30]}
26. c4 {[%clk 0:22:17]} e4 {[%clk 0:32:17]} 27. Be2 {[%clk 0:19:34]} Rf8 {[%clk
0:26:25]} 28. Qg3 {[%clk 0:08:46]} e3 {[%clk 0:22:43]} 29. Rf1 {[%clk 0:07:54]}
Qe7 {[%clk 0:11:24]} 30. Rxf8+ {[%clk 0:07:26]} Kxf8 {[%clk 0:09:47]} 31. b4
{[%clk 0:06:38]} Bf6 {[%clk 0:09:40]} 32. Qe1 {[%clk 0:04:03]} Bd4 {[%clk
0:09:23]} 33. b5 {[%clk 0:03:06]} Bc5 {[%clk 0:09:43]} 34. Qf1+ {[%clk
0:02:48]} Qf7 {[%clk 0:09:18]} 35. Qe1 {[%clk 0:01:53]} Qf2+ {[%clk 0:09:09]}
36. Qxf2+ {[%clk 0:02:16]} exf2+ {[%clk 0:09:36]} 37. Kf1 {[%clk 0:02:39]} Ke7
{[%clk 0:09:47]} 38. g4 {[%clk 0:02:41]} Kf6 {[%clk 0:10:09]} 39. Kg2 {[%clk
0:02:31]} h6 {[%clk 0:10:27]} 40. Kf3 {[%clk 0:01:54]} Ke5 {[%clk 0:10:49]} 41.
Bf1 {[%clk 0:21:49]} 1/2-1/2

[Event "DVM U14 2018"]
[Site "Magdeburg GER"]
[Date "2018.12.29"]
[Round "5"]
[White "Müller, Magnus"]
[Black "Toval, David"]
[Result "1-0"]
[Termination "normal"]
[Board "5.2"]
[WhiteElo "1830"]
[BlackElo "1866"]
[WhiteTeam "ESV Gera"]
[BlackTeam "SK Münster"]
[PlyCount "57"]
[WhiteFideId "16230060"]
[BlackFideId "12992755"]
[EventCountry "GER"]
[EventRounds "7"]
[EventType "team-swiss"]
[EventDate "2018.12.26"]

1. e4 c5 2. Nf3 d6 3. d4 cxd4 4. Qxd4 Nc6 5. Bb5 Bd7 6. Qd3 Nf6 7. c4 e6 8. Nc3
Be7 9. O-O O-O 10. h3 a6 11. Bxc6 Bxc6 12. Rd1 Qb6 13. Be3 Qc7 14. Rac1 Rfd8
15. Nd4 Rac8 16. b4 b6 17. Nd5 Qb7 18. Nxc6 Rxc6 19. Nxe7+ Qxe7 20. b5 axb5 21.
cxb5 Rxc1 22. Rxc1 Qb7 23. Rc6 Rc8 24. Rxc8+ Qxc8 25. Qxd6 Nxe4 26. Qxb6 g6 27.
Qc6 Qxc6 28. bxc6 Kf8 29. f3 1-0

[Event "DVM U14 2018"]
[Site "Magdeburg GER"]
[Date "2018.12.29"]
[Round "5"]
[White "Schröder, Lennart"]
[Black "Schubert, Nikita"]
[Result "1/2-1/2"]
[Termination "normal"]
[Board "5.3"]
[WhiteElo "1762"]
[BlackElo "1969"]
[WhiteTeam "SK Münster"]
[BlackTeam "ESV Gera"]
[PlyCount "28"]
[WhiteFideId "16222490"]
[BlackFideId "16212339"]
[EventCountry "GER"]
[EventRounds "7"]
[EventType "team-swiss"]
[EventDate "2018.12.26"]

1. d4 Nf6 2. Nf3 d5 3. g3 e6 4. Bg2 Be7 5. O-O O-O 6. c4 dxc4 7. Qc2 a6 8. a4
Bd7 9. Qxc4 Bc6 10. Bf4 Bd6 11. Qc1 Nbd7 12. Rd1 Qe7 13. Nc3 Nd5 14. Nxd5 Bxd5
{nicht weiter nachvollziebar} 1/2-1/2

[Event "DVM U14 2018"]
[Site "Magdeburg GER"]
[Date "2018.12.29"]
[Round "5"]
[White "Helmsdorf, Marius"]
[Black "John, Niklas"]
[Result "1-0"]
[Termination "normal"]
[Board "5.4"]
[WhiteElo "1533"]
[BlackElo "1328"]
[WhiteTeam "ESV Gera"]
[BlackTeam "SK Münster"]
[PlyCount "65"]
[WhiteFideId "16274873"]
[BlackFideId "16234626"]
[EventCountry "GER"]
[EventRounds "7"]
[EventType "team-swiss"]
[EventDate "2018.12.26"]

1. c4 c5 2. g3 g6 3. Bg2 Bg7 4. Nc3 Nc6 5. a3 d6 6. Nf3 e6 7. e3 Qa5 8. Rb1
Nge7 9. O-O O-O 10. d4 cxd4 11. exd4 Nf5 12. b4 Qc7 13. Ne2 Rd8 14. Be3 Rb8 15.
Qc1 b6 16. d5 Nce7 17. Nfd4 exd5 18. cxd5 Qxc1 19. Rfxc1 Bb7 20. Nc6 Bxc6 21.
dxc6 Rbc8 22. Bf4 Be5 23. Bxe5 dxe5 24. Rc2 Rc7 25. b5 Rd3 26. Be4 Rxa3 27. Rd2
Nxc6 28. bxc6 Nd4 29. Nxd4 exd4 30. Rxd4 Rc3 31. Rd7 R3xc6 32. Bxc6 Rxc6 33.
Rxa7 1-0

[Event "DVM U14 2018"]
[Site "Magdeburg GER"]
[Date "2018.12.29"]
[Round "5"]
[White "Koll, Linus"]
[Black "Glinzner, Alva"]
[Result "1-0"]
[Termination "normal"]
[Board "6.1"]
[WhiteElo "2018"]
[BlackElo "1889"]
[WhiteTeam "Karlsruher SF"]
[BlackTeam "Lübecker SV"]
[PlyCount "111"]
[WhiteFideId "12990299"]
[BlackFideId "16206169"]
[EventCountry "GER"]
[EventRounds "7"]
[EventType "team-swiss"]
[EventDate "2018.12.26"]

1. e4 c6 2. d4 d5 3. exd5 cxd5 4. c4 Nf6 5. Nc3 g6 6. Qb3 Bg7 7. cxd5 O-O 8.
Nf3 Nbd7 9. Bc4 Nb6 10. O-O Bf5 11. Nh4 Bc8 12. Be3 Qc7 13. Be2 Rd8 14. Nb5 Qd7
15. d6 exd6 16. Rac1 Nfd5 17. Bf3 Qe6 18. Bxd5 Nxd5 19. Qa3 a6 20. Rfe1 Qf6 21.
Nf3 h6 22. Nc3 Nxc3 23. bxc3 Bf5 24. c4 d5 25. c5 Qc6 26. Bf4 Rac8 27. Be5 f6
28. Bd6 g5 29. Nd2 Rd7 30. Nb3 Bg6 31. h3 Qb5 32. Re3 Bf8 33. Bxf8 Rxf8 34.
Rce1 Rdf7 35. Na5 Qd7 36. Rb3 Re8 37. Rxe8+ Qxe8 38. Re3 Qb5 39. Kh2 Bf5 40.
Rb3 Qe2 41. Rb2 Qe4 42. Qe3 Qxe3 43. fxe3 Bc8 44. Kg3 Kg7 45. Rb6 Re7 46. Kf2
h5 47. Rd6 Be6 48. Nxb7 Bxh3 49. c6 Bc8 50. Nc5 Kf7 51. Nd7 f5 52. Nb6 Be6 53.
Nxd5 Bxd5 54. Rxd5 Kf6 55. Rd6+ Kf7 56. d5 1-0

[Event "DVM U14 2018"]
[Site "Magdeburg GER"]
[Date "2018.12.29"]
[Round "5"]
[White "Bornholdt, Joa Max"]
[Black "Kravtsov, Maksim"]
[Result "1/2-1/2"]
[Termination "normal"]
[Board "6.2"]
[WhiteElo "1649"]
[BlackElo "1861"]
[WhiteTeam "Lübecker SV"]
[BlackTeam "Karlsruher SF"]
[PlyCount "40"]
[WhiteFideId "16253477"]
[BlackFideId "54173868"]
[EventCountry "GER"]
[EventRounds "7"]
[EventType "team-swiss"]
[EventDate "2018.12.26"]

1. Nf3 e6 2. c4 g6 3. d4 Bg7 4. Nc3 Ne7 5. e4 O-O 6. Be2 d5 7. exd5 exd5 8. O-O
h6 9. Bf4 a6 10. Qd2 Kh7 11. Rfe1 Be6 12. Ne5 dxc4 13. Rad1 c6 14. Nxc4 Bxc4
15. Bxc4 Nd5 16. Bxd5 cxd5 17. Be5 Nc6 18. Bxg7 Kxg7 19. Na4 Qd6 20. Re3 Rae8
1/2-1/2

[Event "DVM U14 2018"]
[Site "Magdeburg GER"]
[Date "2018.12.29"]
[Round "5"]
[White "Wang, Xinyuan"]
[Black "Silini, Jalel"]
[Result "1-0"]
[Termination "normal"]
[Board "6.3"]
[WhiteElo "1748"]
[BlackElo "1717"]
[WhiteTeam "Karlsruher SF"]
[BlackTeam "Lübecker SV"]
[PlyCount "111"]
[WhiteFideId "16221494"]
[BlackFideId "16215397"]
[EventCountry "GER"]
[EventRounds "7"]
[EventType "team-swiss"]
[EventDate "2018.12.26"]

1. d4 d5 2. c4 dxc4 3. Nc3 Nf6 4. e3 e6 5. Bxc4 a6 6. a3 b5 7. Bb3 Bb7 8. Nf3
c5 9. O-O Qc7 10. Re1 Be7 11. Bd2 O-O 12. Rc1 Rd8 13. Ba2 Nc6 14. dxc5 Bxc5 15.
Nxb5 axb5 16. Rxc5 Qd6 17. Qc1 Ne4 18. Rxb5 Ba6 19. Rb6 Nxd2 20. Nxd2 Qxd2 21.
Rxc6 h6 22. Rc2 Qxc1 23. Rexc1 Rab8 24. h3 Kf8 25. b4 Bb5 26. Bb3 Ra8 27. Ra2
Rd3 28. Rb1 Ba4 29. Bxa4 Rxa4 30. Rba1 Ke7 31. Kf1 Kd7 32. Ke2 Rd6 33. Rb2 Rda6
34. Rb3 Kc7 35. Kd3 Kb6 36. Kc4 Ra7 37. Rd3 Kc6 38. Kb3 Kb5 39. Rc3 Kb6 40. Kb2
Kb5 41. Rac1 Rd7 42. Kb3 Raa7 43. a4+ Kb6 44. a5+ Kb7 45. Rc6 Ra6 46. R6c2 Rad6
47. Ka4 f5 48. b5 g5 49. a6+ Kb6 50. Rc6+ Rxc6 51. Rxc6+ Ka7 52. Ka5 Rd8 53.
Rxe6 h5 54. b6+ Kb8 55. a7+ Kb7 56. Re7+ 1-0

[Event "DVM U14 2018"]
[Site "Magdeburg GER"]
[Date "2018.12.29"]
[Round "5"]
[White "Maas, Kolja"]
[Black "Borodaev, Roman"]
[Result "0-1"]
[Termination "normal"]
[Board "6.4"]
[WhiteElo "1573"]
[BlackElo "1330"]
[WhiteTeam "Lübecker SV"]
[BlackTeam "Karlsruher SF"]
[PlyCount "18"]
[WhiteFideId "16220420"]
[BlackFideId "16274881"]
[EventCountry "GER"]
[EventRounds "7"]
[EventType "team-swiss"]
[EventDate "2018.12.26"]

1. e4 c5 2. Nf3 Nc6 3. d4 cxd4 4. Nxd4 Nf6 5. Nc3 g6 6. Nxc6 bxc6 7. e5 Ng8 8.
Bc4 Bg7 9. Qf3 e6 10. Bf4 f6 11. exf6 Nxf6 12. O-O d5 13. Bd3 O-O 14. Rfe1 Nh5
15. g3 e5 16. Qg2 exf4 17. g4 f3 18. Qh3 Rf4 19. Bf5 Bxf5 20. gxf5 Qg5+ 21. Kh1
Rxf5 22. Rg1 Qd2 23. Nd1 Re8 24. Ne3 Rf7 25. Qh4 Re4 26. Rad1 Qxd1 27. Qd8+ Rf8
28. Qxf8+ Kxf8 29. Rxd1 Nf4 30. c3 Ne2 31. h3 d4 32. cxd4 Bxd4 33. Ng4 Nf4 34.
Kh2 h5 35. Kg3 Ne2+ 36. Kxf3 Rf4+ 37. Kxe2 hxg4 38. hxg4 Rxf2+ 39. Kd3 Bxb2 40.
Ke3 Rf6 41. Rb1 Be5 42. Ke4 Bd6 43. Ke3 Rf4 44. Rd1 Ke7 45. Rxd6 Kxd6 46. Kxf4
c5 47. Ke4 a5 48. a4 g5 49. Kd3 Kd5 50. Kc3 c4 51. Kc2 Kd4 52. Kd2 c3+ 53. Kc2
Kc4 54. Kb1 Kb3 55. Ka1 Kxa4 56. Kb1 Kb3 57. Ka1 a4 0-1

[Event "DVM U14 2018"]
[Site "Magdeburg GER"]
[Date "2018.12.29"]
[Round "5"]
[White "Lauterbach, Kolja"]
[Black "Gallasch, Jonas"]
[Result "0-1"]
[Termination "normal"]
[Board "7.1"]
[WhiteElo "1678"]
[BlackElo "2101"]
[WhiteTeam "SK Freiburg-Zähringen"]
[BlackTeam "SG Porz"]
[PlyCount "190"]
[WhiteFideId "16235916"]
[BlackFideId "16222474"]
[EventCountry "GER"]
[EventRounds "7"]
[EventType "team-swiss"]
[EventDate "2018.12.26"]

1. e4 c6 2. c4 d5 3. cxd5 cxd5 4. exd5 Nf6 5. Nc3 Nxd5 6. Nf3 e6 7. Bc4 Nxc3 8.
bxc3 Qc7 9. Bb3 b6 10. O-O Be7 11. Bb2 O-O 12. d4 Nd7 13. Rc1 Bb7 14. Bc2 Nf6
15. Qd3 Be4 16. Qe2 Bxc2 17. Rxc2 Nd5 18. Ba1 Rac8 19. Rd1 Qc4 20. Qxc4 Rxc4
21. Ne5 Rc7 22. c4 Nb4 23. Re2 Bd6 24. a3 Na6 25. d5 f6 26. Nc6 e5 27. Bb2 Nb8
28. Red2 Bc5 29. Kf1 Rfc8 30. Ke2 Nxc6 31. dxc6 Rxc6 32. Rd8+ Kf7 33. R8d7+ Be7
34. Rxa7 Rxc4 35. Rdd7 Re8 36. Kd3 Rc6 37. a4 Ke6 38. Bc3 f5 39. Bd2 Bf6 40. f3
Rd6+ 41. Rxd6+ Kxd6 42. Be3 Kc6 43. a5 bxa5 44. Rxa5 Rb8 45. Rc5+ Kd6 46. Rc2
Rb3+ 47. Ke2 Rb5 48. Rd2+ Ke6 49. g3 Rb3 50. Rd3 Rxd3 51. Kxd3 Kd5 52. Ke2 Be7
53. Bd2 Bc5 54. Bc1 g6 55. Bg5 Bg1 56. h3 Bc5 57. Bd2 Bd6 58. g4 e4 59. gxf5
gxf5 60. fxe4+ fxe4 61. Be3 Bg3 62. Bg5 Ke5 63. Be3 Kf5 64. Kf1 Bf4 65. Bb6 Bc1
66. Kg2 Kf4 67. Kf2 Bb2 68. Kg2 Ke5 69. Be3 Bd4 70. Bh6 Kd5 71. Bf4 Be5 72. Be3
Kc4 73. Bg5 Kd3 74. Bh6 Bc3 75. Bf4 Bd2 76. Bg3 e3 77. Kf1 e2+ 78. Kg2 Ke4 79.
h4 h5 80. Bf2 Kf4 81. Bg3+ Kg4 82. Bf2 Bc3 83. Bg3 Bb4 84. Bf2 Be7 85. Be1 Bxh4
86. Bd2 Bg3 87. Bc3 h4 88. Bd2 h3+ 89. Kh1 Kf3 90. Bc3 Ke4 91. Bb4 Kd3 92. Ba5
Kc2 93. Bb4 Kd1 94. Ba5 Bf4 95. Kg1 Bd2 0-1

[Event "DVM U14 2018"]
[Site "Magdeburg GER"]
[Date "2018.12.29"]
[Round "5"]
[White "Sabirov, Rafael"]
[Black "Straub, Benno"]
[Result "1-0"]
[Termination "normal"]
[Board "7.2"]
[WhiteElo "1571"]
[BlackElo "1560"]
[WhiteTeam "SG Porz"]
[BlackTeam "SK Freiburg-Zähringen"]
[PlyCount "61"]
[WhiteFideId "16241185"]
[BlackFideId "16255488"]
[EventCountry "GER"]
[EventRounds "7"]
[EventType "team-swiss"]
[EventDate "2018.12.26"]

1. e4 e5 2. Nf3 Nc6 3. Bb5 a6 4. Ba4 Bc5 5. O-O d6 6. c3 b5 7. Bc2 Bg4 8. d3
Nge7 9. h3 Bh5 10. Bg5 f6 11. Bh4 Ng6 12. Bg3 Nf4 13. Bxf4 exf4 14. d4 Bb6 15.
Nbd2 O-O 16. Re1 Re8 17. Qe2 f5 18. Qd3 fxe4 19. Nxe4 Bg6 20. Qd2 Bxe4 21. Bxe4
d5 22. Bc2 Qf6 23. Bb3 Qd6 24. Qd3 Re7 25. Qf5 Rd8 26. Ng5 g6 27. Qg4 Rde8 28.
Rxe7 Rxe7 29. Qf3 Rd7 30. Ne4 Kg7 31. Nxd6 1-0

[Event "DVM U14 2018"]
[Site "Magdeburg GER"]
[Date "2018.12.29"]
[Round "5"]
[White "Tolstorukova, Amelie"]
[Black "Kogan, Gabriel"]
[Result "0-1"]
[Termination "normal"]
[Board "7.3"]
[WhiteElo "1174"]
[BlackElo "1536"]
[WhiteTeam "SK Freiburg-Zähringen"]
[BlackTeam "SG Porz"]
[PlyCount "86"]
[WhiteFideId "16255496"]
[BlackFideId "16238265"]
[EventCountry "GER"]
[EventRounds "7"]
[EventType "team-swiss"]
[EventDate "2018.12.26"]

1. e4 e5 2. Bc4 Nc6 3. Nf3 Bc5 4. c3 Nf6 5. d4 exd4 6. cxd4 Bb4+ 7. Bd2 Nxe4 8.
Bxb4 Nxb4 9. Bxf7+ Kxf7 10. Qb3+ d5 11. Qxb4 Rf8 12. Ne5+ Kg8 13. O-O Qg5 14.
Qb3 c6 15. Qe3 Qxe3 16. fxe3 Rxf1+ 17. Kxf1 Be6 18. Nc3 Rf8+ 19. Nf3 g5 20. Ke2
Bg4 21. h3 Bxf3+ 22. gxf3 Nd6 23. Rg1 h6 24. h4 Rf5 25. hxg5 Rxg5 26. Kf2 Rxg1
27. Kxg1 Nc4 28. Kf2 Nxb2 29. e4 dxe4 30. fxe4 Kf7 31. Kf3 Nd3 32. d5 cxd5 33.
exd5 Kf6 34. Ke4 Nc5+ 35. Kd4 Nd7 36. Ne4+ Kg6 37. d6 Kf5 38. Kd5 Nf6+ 39. Nxf6
Kxf6 40. a4 h5 41. a5 h4 42. Kc5 Ke6 43. Kb5 Kxd6 {nnicht weiter
nachvollziehbar} 0-1

[Event "DVM U14 2018"]
[Site "Magdeburg GER"]
[Date "2018.12.29"]
[Round "5"]
[White "Kazimov, Alis"]
[Black "Trimpin, Fynn"]
[Result "1-0"]
[Termination "normal"]
[Board "7.4"]
[WhiteElo "1499"]
[BlackElo "1190"]
[WhiteTeam "SG Porz"]
[BlackTeam "SK Freiburg-Zähringen"]
[PlyCount "57"]
[WhiteFideId "16255348"]
[BlackFideId "16255500"]
[EventCountry "GER"]
[EventRounds "7"]
[EventType "team-swiss"]
[EventDate "2018.12.26"]

1. e4 e5 2. Nf3 Nc6 3. Bc4 Nf6 4. Nc3 Bc5 5. O-O d6 6. h3 Be6 7. Bb3 O-O 8. d3
h6 9. Na4 Bb6 10. c3 d5 11. Nxb6 axb6 12. exd5 Nxd5 13. Qc2 Na5 14. Bd2 Nxb3
15. axb3 Qd6 16. Rxa8 Rxa8 17. Re1 f6 18. d4 exd4 19. Nxd4 Re8 20. Qg6 Re7 21.
Bxh6 Nf4 22. Bxf4 Qxf4 23. Rxe6 Kf8 24. Rxe7 Kxe7 25. Qxg7+ Ke8 26. Qg6+ Kd7
27. Qf7+ Kd6 28. Qe6+ Kc5 29. b4# 1-0

[Event "DVM U14 2018"]
[Site "Magdeburg GER"]
[Date "2018.12.29"]
[Round "5"]
[White "Hetzner, Hannes"]
[Black "Skabs, Denis"]
[Result "1-0"]
[Termination "normal"]
[Board "8.1"]
[WhiteElo "1895"]
[BlackElo "1706"]
[WhiteTeam "SC Erlangen"]
[BlackTeam "SF Brackel"]
[PlyCount "71"]
[WhiteFideId "16211936"]
[BlackFideId "16248449"]
[EventCountry "GER"]
[EventRounds "7"]
[EventType "team-swiss"]
[EventDate "2018.12.26"]

1. e4 e5 2. Nf3 Nc6 3. d4 exd4 4. Nxd4 Nf6 5. Nxc6 bxc6 6. e5 Nd5 7. c4 Nb6 8.
Bd3 Ba6 9. b3 Bc5 10. Bb2 Qe7 11. O-O O-O-O 12. a4 h5 13. a5 Na8 14. Nd2 Bb4
15. Ra4 c5 16. Be4 c6 17. Bf3 d5 18. cxd5 Bxf1 19. d6 Qd7 20. Nxf1 Kb7 21. Qe2
a6 22. Bxh5 Qe6 23. Qf3 Rxh5 24. Qxh5 Qxb3 25. Ra1 Rd7 26. Bc1 c4 27. Qf5 Kc8
28. Qe4 Nc7 29. Rb1 Qa4 30. dxc7 Rd1 31. Qxc4 c5 32. Qxa6+ Kxc7 33. e6 Qc2 34.
Bf4+ Kd8 35. Rxd1+ Qxd1 36. exf7 1-0